000 00232nam a2200097Ia 4500
001 939960
005 20250826215237.0
008 250824s9999 xx 000 0 und d
245 0 _aMAYMUNLAR
_cANNE SCHREİBER
260 _bBETA YAYINLARI
999 _c939960
_d939960